All cities with at least 1 team in the Big 4 sports - Statistics

General Stats
  • This quiz has been taken 50 times
  • The average score is 44 of 51
Answer Stats
Answer % Correct
Dallas
100%
Miami
100%
New York
100%
Boston
97%
Charlotte
97%
Houston
97%
Seattle
95%
Los Angeles
92%
Minneapolis
92%
Orlando
92%
Pittsburgh
92%
San Antonio
92%
Washington
92%
Cincinnati
89%
Cleveland
89%
Denver
89%
Detroit
89%
Kansas city
89%
Las Vegas
89%
Philadelphia
89%
Tampa
89%
Baltimore
86%
Chicago
86%
Indianapolis
86%
Nashville
86%
Phoenix
86%
Portland
86%
San Francisco
86%
St Louis
86%
Toronto
86%
Vancouver
86%
Atlanta
84%
Jacksonville
84%
Montreal
84%
New Orleans
84%
Salt Lake City
84%
San Diego
84%
Buffalo
81%
Oklahoma City
81%
Columbus
78%
Ottawa
78%
Calgary
76%
Edmonton
76%
Memphis
76%
Green Bay
73%
Sacramento
73%
San Jose
73%
Milwaukee
70%
Raleigh
68%
Winnipeg
68%
Oakland
65%
No matching quizzes found
Score Distribution
Percent of People with Each Score
Percentile by Number Answered
Your Score History
You have not taken this quiz